| 000 | 01363cam a2200385 4500 | ||
|---|---|---|---|
| 999 |
_c24070 _d24070 |
||
| 001 | vtls012080327 | ||
| 005 | 20251118092134.0 | ||
| 008 | 211209s2021 xo g 010 f slo | ||
| 020 |
_a9788022212489 _q(viazané) |
||
| 040 |
_aGAGK _bslo _cGAGK _dSNK _erda |
||
| 041 | 1 |
_aslo _heng |
|
| 044 |
_axo _cSK |
||
| 072 | 7 |
_a821.111(73)-3 _xAmerická próza _2konspekt |
|
| 080 |
_a821.111(73)-31 _22011 |
||
| 080 |
_a(0:82-312.4) _22011 |
||
| 100 | 1 |
_aDave, Laura, _d1977- _4aut _95305 |
|
| 240 | 1 | 0 |
_aLast thing he told me _lSlovensky |
| 245 | 1 | 0 |
_aPosledná vec, čo mi povedal _cLaura Daveová ; z anglického originálu ... preložila Linda Magáthová |
| 250 | _aVydanie I. | ||
| 264 | 1 |
_aBratislava _bTatran _c2021 |
|
| 300 |
_a261 strán _c23 cm |
||
| 336 |
_atext _btxt _2rdacontent |
||
| 337 |
_abez média _bn _2rdamedia |
||
| 338 |
_azväzok _bnc _2rdacarrier |
||
| 490 | 1 |
_aMimo zákona _v32. zväzok |
|
| 500 | _aObsahuje stručné biografické údaje o autorke na záložke prebalu publikácie | ||
| 500 | _aNa obálke uvedené: Všetci máme tajomstvá, o ktorých nehovoríme | ||
| 655 | 7 |
_aamerické romány _2SNKPH _92 |
|
| 655 | 7 |
_aAmerican novels _2SNKPHeng _91670 |
|
| 655 | 7 |
_adetektívne romány _2SNKPH _91710 |
|
| 655 | 7 |
_aDetective novels _2SNKPHeng _91711 |
|
| 700 | 1 |
_aMagáthová, Linda _4trl _95295 |
|
| 958 | _aLX | ||
| 958 | _aUP | ||